000 00381 a2200169 4500
001 195381
020 _a978-65-88968-18-5
040 _cMagnum
100 _aHergesel, João Paulo
240 1 0 _aSe esta casa fosse minha...
_lpor
245 1 0 _aSe esta casa fosse minha...
300 _a56
362 0 _a2022
440 1 _aBaobá
697 _aLITERATURA INFANTO
942 _cBK
999 _c195381
_d195381